| 000 | 00651nam a2200205 a 4500 | ||
|---|---|---|---|
| 001 | BRCA_3661 | ||
| 005 | 20190320204355.0 | ||
| 008 | 020909s2006----mx-a---###---#000-0#spa-# | ||
| 020 | _a9707680431 | ||
| 041 | _aspa | ||
| 044 | _amx | ||
| 050 | 4 |
_aNC1849.M4 _b.C66 2006 |
|
| 245 | 1 | 0 |
_a1er. [i.e. Primer] concurso de cartel _bdelincuencia. |
| 260 |
_aMéxico _bMéxico Unido Contra la Delincuencia : Secretaría de Seguridad Pública : INACIPE _c2006 |
||
| 300 |
_a96 p. _bil. a color _c28 cm. |
||
| 500 | _aIncluye la lista de participantes | ||
| 650 | 1 | 4 |
_aViolencia en el arte _zMéxico _99497 |
| 650 | 1 | 4 |
_aCarteles _xDiseño _99498 |
| 942 |
_2lcc _cB |
||
| 999 |
_c3393 _d3393 |
||